00484nam a2200181Ia 4500008004100000020001800041245004800059245004200107260001500149260001600164260000900180300001400189300002500203300001000228440003700238500000800275999001900283170705s9999 xx 000 0 und d a9780545444453 aFancy Nancy : and the delectable cupcakes / cJane O'Connor ; Robin Preiss Glasser. aNew York : bScholastic, c2010 aunpaged : bcolor illustration ; c23cm. aI can read! Beginning reading 1. a350 c335643d335643